<?xml version="1.0" encoding="UTF-8"?>
<record
    xmlns:xsi="http://www.w3.org/2001/XMLSchema-instance"
    xsi:schemaLocation="http://www.loc.gov/MARC21/slim http://www.loc.gov/standards/marcxml/schema/MARC21slim.xsd"
    xmlns="http://www.loc.gov/MARC21/slim">

  <leader>00202nam a22000857a 4500</leader>
  <controlfield tag="001">1244075</controlfield>
  <controlfield tag="005">20251017153719.0</controlfield>
  <datafield tag="245" ind1=" " ind2=" ">
    <subfield code="a">CERVANTES</subfield>
    <subfield code="c">DON K&#x130;&#x15E;OT</subfield>
  </datafield>
  <datafield tag="260" ind1=" " ind2=" ">
    <subfield code="b">M&#x130;LL&#x130; E&#x11E;&#x130;T&#x130;M BAKANLI&#x11E;I YAYINLARI</subfield>
  </datafield>
  <datafield tag="999" ind1=" " ind2=" ">
    <subfield code="c">1244075</subfield>
    <subfield code="d">1244075</subfield>
  </datafield>
  <datafield tag="952" ind1=" " ind2=" ">
    <subfield code="0">0</subfield>
    <subfield code="1">0</subfield>
    <subfield code="2">ddc</subfield>
    <subfield code="4">0</subfield>
    <subfield code="7">0</subfield>
    <subfield code="a">1021</subfield>
    <subfield code="b">1021</subfield>
    <subfield code="d">2025-10-17</subfield>
    <subfield code="l">0</subfield>
    <subfield code="p">10215478</subfield>
    <subfield code="r">2025-10-17 15:37:23</subfield>
    <subfield code="w">2025-10-17</subfield>
    <subfield code="y">BK</subfield>
  </datafield>
</record>
